000 00946nam a2200229 i 4500
001 bg
100 1 _aGIERGICZNY, Zbigniew
245 1 0 _aRola popiołów lotnych wapniowych i krzemionkowych w kształtowaniu właściwości współczesnych spoiw budowlanych i tworzyw cementowych /
_cZbigniew Giergiczny.
260 _aKraków :
_bWydawnictwo PK,
_c2006.
300 _a193 s. :
_bfot., rys., wykr. ;
_c24 cm.
490 1 _aMonografia / Politechnika Krakowska im. Tadeusza Kościuszki. Inżynieria lądowa
500 _aISSN i nr serii gł.: 0860-097X ; 325. - Streszcz. ang., niem.
504 _aBibliogr.
650 9 _aPopiół lotny
_xstosowanie
_xbudownictwo
650 9 _aPopiół lotny
_xbadanie
830 0 _aMonografia (Politechnika Krakowska im. Tadeusza Kościuszki).
_pInżynieria lądowa
040 _cBPK
041 0 _apol
_bengger
080 _a662.6:666.97/.98:691
942 _cKS
008 s pl f |000 0 pol
999 _c51717
_d51717
856 _uhttp://koha.tu.koszalin.pl/cgi-bin/koha/opac-detail.pl?biblionumber=51717
_yKatalog online BPK